Internet. (Record no. 85198)
[ view plain ]
| 000 -CABECERA | |
|---|---|
| campo de control de longitud fija | 01058ngm a2200217 a 4500 |
| 005 - FECHA Y HORA DE LA ÚLTIMA TRANSACCIÓN | |
| campo de control | 20250311063801.0 |
| 008 - ELEMENTOS DE LONGITUD FIJA--INFORMACIÓN GENERAL | |
| campo de control de longitud fija | 010911s1997 mx r 000 0 spa d |
| 035 ## - NÚMERO DE CONTROL DEL SISTEMA | |
| Número de control de sistema | UPN01000111289 |
| 049 ## - COLECCIÓN | |
| Colección | AV |
| 099 ## - CLASIFICACIÓN LOCAL | |
| Clasificación local | PVI LB 0956 |
| 245 00 - MENCIÓN DE TÍTULO | |
| Título | Internet. |
| 260 ## - PUBLICACIÓN, DISTRIBUCIÓN, ETC. | |
| Lugar de publicación, distribución, etc. | México : |
| Nombre del editor, distribuidor, etc. | ILCE, |
| Fecha de publicación, distribución, etc. | 1997. |
| 300 ## - DESCRIPCIÓN FÍSICA | |
| Extensión | 1 videocassette (VHS) (54 min): |
| Otras características físicas | son., col. |
| 440 #0 - MENCIÓN DE SERIE/ASIENTO SECUNDARIO--TÍTULO | |
| Título | Tus hijos en el siglo XXI ; |
| Designación de volumen o secuencia | 12 |
| 501 ## - NOTA DE "CON" | |
| Nota de “Con” | Con: Educación para el futuro |
| 520 ## - NOTA DE RESUMEN, ETC. | |
| Sumario, etc. | En este capítulo las preguntas a responder son: ¿como influye Internet en la manera de ser y pensar, cómo deben de prepararse los padres, cuales son los peligros que trae consigo el abuso de esta herramienta? En: Educación para el futuro se visualiza que en una sociedad informatizada la educación no ha quedado al margen, ya que en la actualidad, con mayor frecuencia, se han incorporado las nuevas tecnologías al proceso de enseñanza-aprendizaje |
| 650 #4 - ASIENTO SECUNDARIO DE MATERIA - TERMINO TEMATICO | |
| Término de materia o nombre geográfico como elemento de entrada | Educación |
| Subdivisión general | Investigación |
| 9 (RLIN) | 4070 |
| 650 #4 - ASIENTO SECUNDARIO DE MATERIA - TERMINO TEMATICO | |
| Término de materia o nombre geográfico como elemento de entrada | Internet |
| 9 (RLIN) | 547 |
| 740 0# - ASIENTO SECUNDARIO - TÍTULOS RELACIONADOS /ANALITICOS NO CONTROLADOS | |
| Título relacionado o analítico no controlado | Educación para el futuro |
| 905 ## - TIPO DE MATERIAL | |
| Tipo de material | Audiovisuales |
| Estado de retiro | Estado de pérdida | Fuente del sistema de clasificación o colocación | Estado dañado | No para préstamo | Código de colección | Localización permanente | Ubicación/localización actual | Ubicación en estantería | Enumeración/cronología de publicación seriada | Total de préstamos | Clasificación | Código de barras | Fecha visto por última vez | Número de copia | Tipo de ítem Koha |
|---|---|---|---|---|---|---|---|---|---|---|---|---|---|---|---|
| Library of Congress Classification | Audiovisuales | Bib. Gregorio Torres Quintero | Bib. Gregorio Torres Quintero | Audiovisual | - | PVI LB 0956 | 172315 | 31/12/2020 | 1 | Videocasete |
